Statistiken für Fabel- und mythische Wesen Quiz

Klicken Sie hier um das Quiz zu spielen!

Allgemein

  • Dieses Quiz wurde 7.617 mal gespielt
  • Das Durchschnittsergebnis liegt bei 12 aus 22

Antwortstatistiken

DescriptionCreature% Korrekt
Ein Pferd mit einem Horn auf der StirnEinhorn
99%
Halb Frau, halb FischMeerjungfrau
95%
Vogel, der aus seiner Asche immer wiedergeboren wirdPhönix
87%
Jemand, der sich bei Vollmond in eine wolfartige Bestie verwandeltWerwolf
84%
Einäugiger RieseZyklop
76%
Behaarter SchneemannYeti
72%
Halb Mensch, halb PferdZentaur
70%
Stark behaartes Wesen mit großen Füßen in NordamerikaBigfoot
68%
Orientalischer Geist aus einer magischen LampeDschinn
65%
Irischer Naturgeist, der das Gold des Regenbogens hortetKobold
63%
Kopf eines Stieres, Körper eines MenschenMinotauros
53%
Dreiköpfiger Höllenhund, Bewacher des Eingangs zur UnterweltZerberus
49%
Schlangenartiges Tier, dessen Blick töten kannBasilisk
47%
vielköpfiges, schlangenähnliches UngeheuerHydra
45%
Riesige, dumme Kreatur mit auffälliger NaseTroll
42%
Sagenhaftes, tintenfischartiges SeeungeheuerKraken
35%
Körper eines Löwen, Kopf und Flügel eines AdlersGreif
32%
Hässliche Frau mit FlügelnHarpyie
29%
Halb Mensch, halb Ziegenbock mit DauererektionSatyr
29%
Medusa war eine ...Gorgo
21%
Keltischer, weiblicher Geist mit schrillem SchreiBanshee
20%
Lateinamerikanisches Fabelwesen, welches das Blut von Vieh trinktChupacabra
15%

Verteilung der Resultate

Perzentil nach korrekt beantworteten Fragen

Anzahl Personen mit jedem Resultat

Ihre Resultats-Entwicklung

Sie haben dieses Quiz noch nicht gespielt